Ir para o conteúdo

Биотехнология и генная инженерия в лесокультурном производстве учебное пособие для магистрантов направления подготовки 35.04.01 «лесное дело»

В учебном пособии рассмотрены теоретические вопросы по разделам дисциплины «Биотехнология и генная инженерия в лесокультурном производстве». В конце каждого раздела приведены контрольные вопросы и список рекомендуемой литературы. Приведены экзаменационные вопросы и вопросы для промежуточного контрол...

ver descrição completa

Na minha lista:
Detalhes bibliográficos
Autor principal: Петрова Г. А.
Outros Autores: Мусин Х. Г.
Formato: Книга
Idioma:Russian
Publicado em: Казань КГАУ 2017
Acesso em linha:https://e.lanbook.com/book/138607
https://e.lanbook.com/img/cover/book/138607.jpg
Tags: Adicionar Tag
Sem tags, seja o primeiro a adicionar uma tag!
LEADER 01952nam0a2200253 i 4500
001 138607
003 RuSpLAN
005 20221220174047.0
008 221220s2017 ru gs 000 0 rus
040 |a RuSpLAN 
041 0 |a rus 
044 |a ru 
080 |a 630*232 
245 0 0 |a Биотехнология и генная инженерия в лесокультурном производстве  |b учебное пособие для магистрантов направления подготовки 35.04.01 «лесное дело»  |c Петрова Г. А.,Мусин Х. Г. 
260 |a Казань  |b КГАУ  |c 2017 
300 |a 80 с. 
504 |a Библиогр.: доступна в карточке книги, на сайте ЭБС Лань 
520 8 |a В учебном пособии рассмотрены теоретические вопросы по разделам дисциплины «Биотехнология и генная инженерия в лесокультурном производстве». В конце каждого раздела приведены контрольные вопросы и список рекомендуемой литературы. Приведены экзаменационные вопросы и вопросы для промежуточного контроля знаний. В конце учебного пособия имеется словарь терминов. Предназначено для магистрантов направления подготовки 35.04.01 «Лесное дело». 
521 8 |a Книга из коллекции КГАУ - Лесное хозяйство и лесоинженерное дело 
100 1 |a Петрова Г. А. 
700 1 |a Мусин Х. Г. 
856 4 |u https://e.lanbook.com/book/138607 
856 4 8 |u https://e.lanbook.com/img/cover/book/138607.jpg 
953 |a https://e.lanbook.com/img/cover/book/138607.jpg 
Cannot write session to /tmp/vufind_sessions/sess_ruckb78qc2h2mop8oshudlrq1q